000 00658nam a2200265Ia 4500
005 20260121172835.0
008 008 260114s9999 xx 000 0 eng d
020 _a9783030787677
037 _aEBOOK
040 _aCRL
040 _beng
040 _cCRL
041 _2eng
041 _aeng
084 _qCRL
100 _aWilliam A.T. Logan
_91093399
245 2 _aA Technological History of Cold-War India, 1947–1969
260 _bSpringer
260 _bSpringer
260 _c2022
856 _uhttps://link.springer.com/openurl?genre=book&isbn=978-3-030-78767-7
942 _cEBOOK
999 _c1659141
_d1659141